[Event "COL-chT Interligas"]
[Site "Palmira"]
[Date "2019.04.28"]
[Round "3.3"]
[White "Pinzon, Jairo David"]
[Black "Arango Arenas, Juan Camilo"]
[Result "1-0"]
[WhiteElo "2210"]
[BlackElo "2229"]
[PlyCount "89"]
[EventDate "2019.04.27"]
[EventType "team-swiss"]
[EventRounds "6"]
[EventCountry "COL"]
[SourceTitle "CBM 190 Extra"]
[Source "ChessBase"]
[SourceDate "2019.07.15"]
[SourceVersion "1"]
[SourceVersionDate "2019.07.15"]
[SourceQuality "1"]
[WhiteTeam "Bogota"]
[BlackTeam "Valle Carlos Cuartas"]
[WhiteTeamCountry "COL"]
[BlackTeamCountry "COL"]

1. b3 e5 2. Bb2 Nc6 3. c4 Nf6 4. e3 Bc5 5. a3 a5 6. d4 exd4 7. exd4 Qe7+ 8. Be2 Ba7 9. Nf3 d5 10. 0-0 0-0 11. Re1 Qd8 12. h3 Be6 13. c5 Ne7 14. Nbd2 c6 15. Bd3 Bb8 16. Ne5 Bf5 17. Qc2 Bxd3 18. Qxd3 Ng6 19. g3 Nd7 20. f4 Ngxe5 21. fxe5 Qg5 22. Kg2 Re8 23. Nf3 Qg6 24. Qe2 f6 25. Nh4 Qe4+ 26. Qxe4 dxe4 27. Rxe4 fxe5 28. Rae1 Bc7 29. R4e2 Re6 30. Nf3 Rae8 31. b4 axb4 32. axb4 Ra8 33. dxe5 Ra4 34. Bc3 Ra3 35. Re3 h6 36. R1e2 b6 37. Rd3 Nf6 38. Nd4 Rxe5 39. Rxe5 Bxe5 40. cxb6 Nd7 41. b7 Nb8 42. Nb5 Ra2+ 43. Kf3 Bxc3 44. Rd8+ Kh7 45. Nxc3 1-0

[Event "COL-ch"]
[Site "Bogota"]
[Date "2018.11.07"]
[Round "3"]
[White "Arango Arenas, Juan Camilo"]
[Black "Caballero, William"]
[Result "0-1"]
[WhiteElo "2239"]
[BlackElo "2038"]
[PlyCount "78"]
[EventDate "2018.11.06"]
[EventType "swiss"]
[EventRounds "9"]
[EventCountry "COL"]
[SourceTitle "CBM 187 Extra"]
[Source "ChessBase"]
[SourceDate "2018.11.04"]
[SourceVersion "1"]
[SourceVersionDate "2018.11.04"]
[SourceQuality "1"]

1. e4 c5 2. d4 cxd4 3. c3 Nf6 4. e5 Nd5 5. Nf3 d6 6. cxd4 Nc6 7. a3 e6 8. Bd3 Be7 9. 0-0 b6 10. Nc3 Nxc3 11. bxc3 dxe5 12. dxe5 Bb7 13. Qe2 Qc7 14. Re1 Rd8 15. Bf4 h6 16. a4 g5 17. Bg3 h5 18. h4 gxh4 19. Nxh4 Rg8 20. Bf5 Bxh4 21. Bxh4 exf5 22. e6 Rxg2+ 23. Kf1 Rg4 24. exf7+ Kxf7 25. Qe6+ Kf8 26. Bxd8 Ba6+ 27. c4 Qxd8 28. Qxf5+ Kg7 29. Rac1 Qd4 30. Re2 Bxc4 31. Rxc4 Qxc4 32. Qd7+ Kh6 33. Qd6+ Kg5 34. Qd2+ Kh4 35. f3 Rg3 36. Ke1 Rg1+ 37. Kf2 Qc5+ 38. Re3 Rc1 39. Kg2 Qg5+ 0-1